| 000 | 00570nam a2200181 i 4500 | ||
|---|---|---|---|
| 001 | 32243 | ||
| 003 | ES-MaACL | ||
| 005 | 20230906154535.0 | ||
| 007 | t| | ||
| 008 | 030130s1972 sp ||||1| spa d | ||
| 100 | 1 |
_aBergier, Jacques. _927989 |
|
| 245 | 1 | 0 |
_aGuerra secreta bajo los océanos / _cJacques Bergier, Víctor Alexandrov ; [traducción de Domingo Pruna]. |
| 260 |
_a[Barcelona : _bPlaza & Janés, _c1972] |
||
| 300 |
_a183 p. ; _c19 cm. |
||
| 700 | 1 |
_aAlexandrov, Victor. _919789 |
|
| 700 | 1 |
_aPruna, Domingo. _994081 |
|
| 852 |
_aES-MaACL _jC-52183 _bR.82985 |
||
| 999 |
_c32243 _d32243 |
||